000 00427nam a2200181Ia 4500
005 20250423095225.0
008 250422s9999 xx 000 0 und d
020 _a81-88458-16-3
050 _aTA 352 .K86/
100 _aKumar, D.S.
245 0 _aEngineering mechanics : statics and dynamics
260 _aNew Delhi
260 _bS.K.Kataria & Sons
260 _c2007
300 _a723 p
650 _aEE
942 _cBK
999 _c29621
_d29621